000 00280nam a2200109Ia 4500
008 191201s2019 xx 000 0 und d
100 _aBEER, Ferding & P
245 0 _aVector mechanics for engineers statics/dynamics
260 _bTMH
_aNEW DELHI
300 _a1395
942 _2ddc
_cBK
999 _c8184
_d8184